|
|
|
|
| LEADER |
01127nam a2200265 a 4500 |
| 001 |
357661 |
| 008 |
090826r19901977nyua b 001 0 eng d |
| 010 |
|
|
|a 77000728
|
| 020 |
|
|
|a 0852261217
|
| 040 |
|
|
|a DLC
|c DLC
|d DLC
|
| 082 |
0 |
0 |
|a 001.4/222
|2 20
|
| 100 |
1 |
|
|a Cochran, William Gemmell,
|d 1909-
|
| 245 |
1 |
0 |
|a Sampling techniques /
|c William G. Cochran.
|
| 250 |
|
|
|a 3d ed.
|
| 260 |
|
|
|a New York :
|b Wiley,
|c c1977.[reprinted 1990]
|
| 300 |
|
|
|a xvi, 428 p. :
|b ill. ;
|c 24 cm.
|
| 490 |
0 |
|
|a Wiley series in probability and mathematical statistics
|
| 490 |
0 |
|
|a A Wiley publication in applied statistics
|
| 504 |
|
|
|a Includes bibliography: [p. 400-411] and index.
|
| 541 |
1 |
|
|e 00004748
|
| 650 |
|
0 |
|a Sampling (Statistics)
|
| 852 |
4 |
|
|a Ayesha Abed Library
|j General Shelf.
|
| 999 |
|
|
|c 3546
|d 3546
|
| 952 |
|
|
|0 0
|1 0
|2 ddc
|4 0
|6 001_422200000000000_COC_1990
|7 0
|9 3219
|a BRACUL
|b BRACUL
|c GEN
|d 2009-09-02
|g 90.00
|l 4
|m 22
|o 001.4222 COC
|p 3010004748
|r 2022-09-27
|s 2020-09-27
|t 1
|w 2009-09-02
|y BK
|
| 952 |
|
|
|0 0
|1 0
|2 ddc
|4 0
|6 001_422200000000000_COC
|7 0
|9 18829
|a JPGSPH
|b JPGSPH
|c GEN
|d 2011-12-13
|l 0
|o 001.4222 COC
|p 3010024012
|r 2011-12-13
|t 2
|w 2011-12-13
|y BK
|